Movies Quiz

Random Movies or Song Quiz

Disney Songs Quiz Stats

 Plays Quiz Updated Mar 3, 2016

Score 0/32 Timer 07:00
10 Plays Today
Song Movie % Correct
'Let It Go'Frozen
98.6%
'Hakuna Matata'The Lion King
97%
'Under the Sea'The Little Mermaid
94.9%
'A Whole New World'Aladdin
91.8%
'Be Our Guest'Beauty and the Beast
91.5%
'The Bare Necessities'The Jungle Book
89.3%
'You've Got a Friend in Me'Toy Story
86.8%
'A Spoonful of Sugar'Mary Poppins
85.5%
'A Dream is a Wish Your Heart Makes'Cinderella
81.5%
'Colors of the Wind'Pocahontas
77%
'Reflection'Mulan
76.2%
'He Mele No Lilo'Lilo & Stitch
75.4%
'You Can Fly! You Can Fly! You Can Fly!'Peter Pan
74.6%
'Someday My Prince Will Come' Snow White and the Seven Dwarfs
74.3%
'Once Upon a Dream'Sleeping Beauty
71.2%
'Ev'rybody Wants to Be a Cat'Aristocats
69.8%
Song Movie % Correct
'You'll Be in My Heart'Tarzan
67%
'Mother Knows Best'Tangled
66.3%
'When You Wish Upon a Star'Pinocchio
62.9%
'I Won't Say (I'm in Love)'Hercules
57%
'Cruella De Vil'101 Dalmatians
55.3%
'Breaking Free'High School Musical
48.1%
'Baby Mine'Dumbo
43%
'Ever Ever After'Enchanted
42.4%
'God Help the Outcasts'The Hunchback of Notre Dame
40%
'Almost There'The Princess and the Frog
38.6%
'Best of Friends'The Fox and the Hound
35.6%
'Let's Get Together'The Parent Trap
32.9%
'Why Should I Worry?'Oliver & Company
26.2%
'Zip-a-Dee-Doo-Dah'Song of the South
24.2%
'Portobello Road'Bedknobs and Broomsticks
22.2%
'If I Didn't Have You'Monsters Inc.
20.7%

You're not logged in!

Compare scores with friends on all Sporcle quizzes.
OR
Log In

Sporcle TV

Today on Sporcle TV


Watch our educational content, quiz creation guides, and fun videos on Sporcle TV.

Show Comments

Extras

Top Quizzes Today


Score Distribution

Your Account Isn't Verified!

In order to create a playlist on Sporcle, you need to verify the email address you used during registration. Go to your Sporcle Settings to finish the process.

Report this User

Report this user for behavior that violates our Community Guidelines.

Details: